| 000 | 00529nam a2200193Ia 4500 | ||
|---|---|---|---|
| 003 | GCL | ||
| 008 | 140319s9999 xx 000 0 eng d | ||
| 040 |
_aGCL / _cGCL |
||
| 082 | 0 | 4 |
_a952.04 _bG R |
| 100 | 1 | _aGLYNN, PAUL | |
| 245 | 1 | 0 |
_aREQUIEM POUR NAGASAKI: BIOGRAPHIE DE TAKASHI NAGAI MEDCIN JAPONAIS / _cGLYNN, PAUL |
| 260 |
_a[S.N] : _bNOUVELLE CITE ، _c1994 |
||
| 300 | _a306 P | ||
| 650 | 0 | 4 | _aJAPAN - HISTORY |
| 650 | 0 | 4 | _aHISTORY |
| 650 | 0 | 4 | _aJAPAN - HISTORY, 1945 |
| 650 | 0 | 4 | _aTAKASHIE, NAGAI |
| 942 |
_2ddc _cBK |
||
| 999 |
_c16110 _d16110 |
||